000 00329nam a2200121 a 4500
005 20140414131856.0
008 100828s19uu xx 00 eng d
050 _aFIL
_bP64 2008
100 _aAlmario, Virgilio
245 _aSi Pilandok sa kaharian ng dagat.
260 _aManila, Philippines :
_bAdarna,
_c2008.
999 _c110455
_d110455